| 000 | 00000nam##2200000za#4500 |
| 001 | 9.590624 |
| 003 | CaOODSP |
| 005 | 20210624200220 |
| 007 | cr ||||||||||| |
| 008 | 150406|2015||||xxc|||||o f|0| 0 fre|d |
| 040 | |aCaOODSP|bfre |
| 041 | |aeng |
| 041 | |afre |
| 043 | |an-cn--- |
| 086 | 1 |aYX4-2015/1-PDF |
| 110 | 1 |aCanada.|bStatuts. |
| 245 | 10|aLoi modifiant le Code criminel (voies de fait contre un conducteur de véhicule de transport en commun) |h[ressource électronique] |
| 260 | |aOttawa - Ontario : |bStatuts |cSanctionnée le 25 février 2015, Projet de loi S-221, deuxième session, 41e législature. |
| 300 | |a4p. |
| 490 | 1 |aLois du Canada ..., chapitre ... |vLois du Canada (2015), chapitre 1 |
| 590 | |a15-11|b2015-03-13 |
| 791 | |tAn Act to amend the Criminal Code (assault against public transit operators) |eeng|w(CaOODSP)9.590623 |
| 830 | #0|aLois du Canada ..., chapitre ...|vLois du Canada (2015), chapitre 1|w(CaOODSP)9.500678 |
| 856 | 40|ahttp://publications.gc.ca|qPDF|s69 Ko|uhttps://publications.gc.ca/collections/collection_2015/lois-statutes/YX4-2015-1.pdf|yLois du Canada (2015), chapitre 1 |